MARC details
| 000 -LÍDER |
| campo de controle de tamanho fixo |
03173nam a2200433Ia 4500 |
| 001 - NÚMERO DE CONTROLE |
| campo de controle |
308 |
| 003 - IDENTIFICADOR DO NÚMERO DE CONTROLE |
| campo de controle |
OSt |
| 005 - DATA E HORÁRIO DA ÚLTIMA TRANSAÇÃO |
| campo de controle |
20250326090901.0 |
| 008 - CAMPO DE DADOS FIXOS--INFORMAÇÃO GERAL |
| campo de controle de tamanho fixo |
250325b ||||e |||| 00| e por d |
| 040 ## - FONTE DA CATALOGAÇÃO |
| Idioma da catalogação |
por |
| 041 ## - CÓDIGO DE IDIOMA |
| Código do idioma do texto/trilha sonora ou título diferente |
por |
| Código do idioma do original e/ou traduções intermediárias do texto |
ger |
| 041 ## - CÓDIGO DE IDIOMA |
| Código do idioma do texto/trilha sonora ou título diferente |
por |
| Código do idioma do original e/ou traduções intermediárias do texto |
fre |
| 082 1# - CDD - CLASSIFICAÇÃO DECIMAL DE DEWEY |
| Número de Classificação |
149.6 |
| Número do exemplar |
S373l |
| 082 1# - CDD - CLASSIFICAÇÃO DECIMAL DE DEWEY |
| Número de Classificação |
320 |
| Número do exemplar |
R865c |
| 100 1# - ENTRADA PRINCIPAL--NOME PESSOAL |
| Nome pessoal |
Schopenhauer, Arthur, |
| Datas associadas ao nome |
1788-1860 |
| 9 (RLIN) |
605 |
| 100 1# - ENTRADA PRINCIPAL--NOME PESSOAL |
| Nome pessoal |
Rousseau, Jean-Jacques, |
| Datas associadas ao nome |
1712-1778 |
| 9 (RLIN) |
606 |
| 240 ## - TÍTULO UNIFORME |
| Título uniforme |
Über die freiheit des menschlichen willens ; Du contrat social |
| 245 ## - TÍTULO |
| Título |
O livre arbítrio / |
| Indicação de responsabilidade, etc. |
Schopenhauer, Arthur - |
| 245 ## - TÍTULO |
| Título |
O Contrato Social / |
| Indicação de responsabilidade, etc. |
Rousseau, Jean-Jacques, |
| 260 ## - PUBLICAÇÃO, DISTRIBUIÇÃO, ETC. |
| Local de publicação, distribuição, etc. |
Espírito Santo |
| Nome do editor, distribuidor, etc. |
Formar |
| Data da publicação, distribuição, etc. |
1978 |
| 300 ## - DESCRIÇÃO FÍSICA |
| Extensão |
105 p. |
| Outros detalhes físicos |
O Livre Arbítrio |
| 300 ## - DESCRIÇÃO FÍSICA |
| Extensão |
130 p. |
| Outros detalhes físicos |
O Contrato Social |
| 490 1# - TÍTULO DA SÉRIE |
| Título da série |
Grandes Mestres do Pensamento |
| Número do volume ou designação sequencial da série |
Livro 1 |
| 490 1# - TÍTULO DA SÉRIE |
| Título da série |
Grandes Mestres do Pensamento |
| Número do volume ou designação sequencial da série |
Livro 2 |
| 500 ## - NOTA GERAL |
| Nota geral |
Volume 1 e 2 da Coleção "Grande Mestres do Pensamentos". |
| 520 ## - NOTA DE RESUMO, ETC. |
| Resumo, etc. |
Neste ensaio — O livre-arbítrio —, o pessimismo de Schopenhauer nos defronta com o problema da liberdade ante a necessidade, da determinação das ações individuais pela conformação inata e invariável do caráter do homem, para demonstrar que a liberdade reside no ser, e não na ação. |
| 520 ## - NOTA DE RESUMO, ETC. |
| Resumo, etc. |
Este livro influenciou diretamente a Revolução Francesa e os rumos da história.<br/><br/>Impactante ensaio, O contrato social ou Princípios de Direito político causou furor desde sua publicação, em 1762, e eternizou-se como um dos principais textos fundadores do Estado moderno. Nele, o filósofo iluminista, romancista, teórico e compositor suíço Jean-Jacques Rousseau (1712-1778) – em meio a uma Europa majoritariamente monarquista, defensora da legitimação sobrenatural dos governantes – lança e defende a novidade de que o poder político de uma sociedade está no povo e só dele emana. Estavam plantados os conceitos do povo soberano e da igualdade de direitos entre os homens.<br/><br/><br/><br/>Nesta que é a sua principal obra política, da qual virtualmente todas as sociedades modernas são de alguma forma tributárias, Rousseau não apenas dá ao povo o que lhe é de direito, mas chama-o à responsabilidade pelo seu destino. "Assim que alguém diz dos assuntos do Estado que me importa? , deve-se contar que o Estado está perdido." Para o autor, a soberania está no exercício incessante do poder decisório, que não pode ser alienado, dividido ou delegado.<br/><br/>Hoje, dois séculos e meio após sua publicação, a obra de Rousseau – subversivo, polêmico, amado, odiado, reverenciado e seguido – permanece atual. E seus ensinamentos se fazem lições necessárias e urgentes em todo e qualquer lugar em que se fale de inépcia, injustiça, corrupção e incompetência política.<br/> |
| 650 #0 - ASSUNTO--TERMO TÓPICO |
| Cabeçalho tópico ou nome geográfico |
Literatura Alemã |
| 9 (RLIN) |
365 |
| 650 #0 - ASSUNTO--TERMO TÓPICO |
| Cabeçalho tópico ou nome geográfico |
Liberdade |
| 9 (RLIN) |
607 |
| 650 #0 - ASSUNTO--TERMO TÓPICO |
| Cabeçalho tópico ou nome geográfico |
Pessimismo |
| 9 (RLIN) |
608 |
| 650 #0 - ASSUNTO--TERMO TÓPICO |
| Cabeçalho tópico ou nome geográfico |
Literatura francesa |
| 9 (RLIN) |
122 |
| 650 #0 - ASSUNTO--TERMO TÓPICO |
| Cabeçalho tópico ou nome geográfico |
Crítica social |
| 9 (RLIN) |
514 |
| 650 #0 - ASSUNTO--TERMO TÓPICO |
| Cabeçalho tópico ou nome geográfico |
Politica |
| 9 (RLIN) |
138 |
| 655 #0 - TERMO DE ÍNDICE--GÊNERO E FORMA |
| Gênero/forma/ou termo foco |
Ensaio |
| 655 #0 - TERMO DE ÍNDICE--GÊNERO E FORMA |
| Gênero/forma/ou termo foco |
Não Ficção |
| 830 ## - ENTRADA SECUNDÁRIA DE SÉRIE--TÍTULO UNIFORME |
| Título uniforme |
Grandes Mestres do Pensamento |
| 9 (RLIN) |
596 |
| Número do volume ou designação sequencial da série |
vol.1 |
| 830 ## - ENTRADA SECUNDÁRIA DE SÉRIE--TÍTULO UNIFORME |
| Título uniforme |
Grandes Mestres do Pensamento |
| 9 (RLIN) |
596 |
| Número do volume ou designação sequencial da série |
vol.2 |
| 942 ## - ELEMENTOS DE ENTRADA ADICIONADOS (KOHA) |
| Fonte de classificação ou esquema de arquivamento |
Classificação decimal de Dewey |
| Tipo de material Koha |
Livros |